Rodent dispersal of visicular - arbuscular mycorrhizal fungi in amazonian Peru (Registro nro. 10828)

Detalles MARC
000 -CABECERA
Campo de control 006720000a22002170004500
090 ## - CLASIFICACIÓN LOCAL
Colección AR
Consecutivo 01749
041 0# - IDIOMA
Código de idioma para texto/pista de sonido o título separado
100 1# - ASIENTO PRINCIPAL--NOMBRE PERSONAL
Nombre personal Janos, David P.
245 10 - MENCION DE TITULO
Título Rodent dispersal of visicular - arbuscular mycorrhizal fungi in amazonian Peru
650 14 - ASIENTO SECUNDARIO DE MATERIA - TERMINO TEMATICO
Término temático o nombre geográfico como elemento de entrada Ecología
650 14 - ASIENTO SECUNDARIO DE MATERIA - TERMINO TEMATICO
Término temático o nombre geográfico como elemento de entrada Bosques tropicales
650 14 - ASIENTO SECUNDARIO DE MATERIA - TERMINO TEMATICO
Término temático o nombre geográfico como elemento de entrada Roedores
650 14 - ASIENTO SECUNDARIO DE MATERIA - TERMINO TEMATICO
Término temático o nombre geográfico como elemento de entrada Dispersión de esporas
650 14 - ASIENTO SECUNDARIO DE MATERIA - TERMINO TEMATICO
Término temático o nombre geográfico como elemento de entrada Micorrizas
651 #4 - ASIENTO SECUNDARIO DE MATERIA - NOMBRE GEOGRAFICO
-- Parque Nacional Manu
-- Madre de Dios
-- Perú
653 ## - TERMINO DE INDIZACION - NO CONTROLADO
-- Echimyidae
-- Proechimys
653 ## - TERMINO DE INDIZACION - NO CONTROLADO
-- Oryzomys
700 1# - ASIENTO SECUNDARIO - NOMBRE PERSONAL
Nombre personal Emmons, Louise H.
773 1# - Item fuente:
Título Ecology
Especificación de materiales 57
Descripción física 6
Paginas del Articulo 1852-1858
Lugar, editorial y fecha de publicación 1995
Información sobre la relación 76
942 ## - ELEMENTOS ADICIONALES (KOHA)
Tipo de ítem Artículo
Existencias
Withdrawn status Lost status Damaged status No para préstamo Colección Ubicación Permanente Ubicación actual Fecha de adquisición Fuente de Valor Datos de publicación Seriada Total Checkouts Número topográfico Inventario / Código de Barras Date last seen Ejemplar Price effective from Forma de adquisición Tipo de material
      No para Préstamo Hemeroteca Bogotá Bogotá 27/02/2015 Muñoz Saba, Yaneth Fuera de circulación   AR 01749 012107 25/03/2015 1 25/03/2015   Artículo